LIBRARY & INFORMATION CENTRE, KCAET, TAVANUR

ONLINE PUBLIC ACCESS CATALOGUE (OPAC)

Vallathol / (Record no. 6483)

MARC details
000 -LEADER
fixed length control field 00457cam a2200181ua 4500
041 ## - LANGUAGE CODE
Language code of text/sound track or separate title mal
082 ## - DEWEY DECIMAL CLASSIFICATION NUMBER
Classification number 894.81209
Item number MAD/VA
100 ## - MAIN ENTRY--AUTHOR NAME
Personal name Madhava Warrier, Madassery .
245 ## - TITLE STATEMENT
Title Vallathol /
250 ## - EDITION STATEMENT
Edition statement 2 /
260 ## - PUBLICATION, DISTRIBUTION, ETC. (IMPRINT)
Place of publication Kottayam :
Name of publisher Vidyarthi Mithram Book Depo ,
Year of publication 1964.
300 ## - PHYSICAL DESCRIPTION
Number of Pages 356 ; .
942 ## - ADDED ENTRY ELEMENTS (KOHA)
Koha item type Books
Holdings
Withdrawn status Lost status Damaged status Home library Current library Date acquired Full call number Accession Number Koha item type Public note
Withdrawn     KAUAET KAUAET 07/04/2012 894.81209 4639 Books Deleted
free website counter